| 000 | 00973nam a2200229 i 4500 | ||
|---|---|---|---|
| 001 | bg | ||
| 100 | 1 | _aDUDCZAK, Andrzej | |
| 245 | 1 | 0 |
_aRozwój ogólnych i szczegółowych podstaw projektowania koparek / _cAndrzej Dudczak. |
| 260 |
_aKraków : _bAGH. Uczelniane Wydawnictwa Naukowo-Dydaktyczne, _c2001. |
||
| 300 |
_a95 s. : _bil. ; _c24 cm. |
||
| 490 | 1 |
_aRozprawy, Monografie / [Akademia Górniczo-Hutnicza im. Stanisława Staszica w Krakowie] = _aDissertations, Monographies, _x0867-6631 ; _v97 |
|
| 500 | _aTyt. równol.: Development of general and detailed hydraulic excavator design fundamentals. - Streszcz. ang. | ||
| 504 | _aBibliogr. | ||
| 650 | 9 |
_aKoparki _xprojekty |
|
| 650 | 9 |
_aNapęd hydrauliczny _xzagadnienia |
|
| 830 | 0 |
_aRozprawy, Monografie ([Akademia Górniczo-Hutnicza im. Stanisława Staszica w Krakowie]) ; _v97 |
|
| 040 | _cBPK | ||
| 041 | 0 |
_apol _beng |
|
| 080 | _a621.86/.87-82 | ||
| 942 | _cKS | ||
| 008 | s pl f |000 0 pol | ||
| 999 |
_c42838 _d42838 |
||
| 856 |
_uhttp://koha.tu.koszalin.pl/cgi-bin/koha/opac-detail.pl?biblionumber=42838 _yKatalog online BPK |
||